[Event "DEM U12w 2023"]
[Site "Willingen GER"]
[Date "2023.05.28"]
[Round "1"]
[White "Cao, Weiqi"]
[Black "Kovalskyy, Alicia"]
[Result "0-1"]
[Termination "normal"]
[Board "2"]
[WhiteElo "1315"]
[BlackElo "1496"]
[WhiteClock "00:36:32"]
[BlackClock "00:38:06"]
[PlyCount "42"]
[WhiteFideId "34630112"]
[BlackFideId "34612130"]
[EventCountry "GER"]
[EventRounds "9"]
[EventType "swiss"]
[EventDate "2023.05.27"]

1. d4 {[%clk 01:30:58]  [%emt 00:00:02]} 1... d5 {[%clk 01:30:55]  [%emt
00:00:06]} 2. Nf3 {[%clk 01:31:20]  [%emt 00:00:07]} 2... Nf6 {[%clk 01:31:21] 
[%emt 00:00:04]} 3. g3 {[%clk 01:31:44]  [%emt 00:00:06]} 3... Bf5 {[%clk
01:31:40]  [%emt 00:00:10]} 4. Bg2 {[%clk 01:31:58]  [%emt 00:00:16]} 4... e6
{[%clk 01:32:04]  [%emt 00:00:07]} 5. O-O {[%clk 01:31:55]  [%emt 00:00:33]}
5... Be7 {[%clk 01:32:09]  [%emt 00:00:25]} 6. c4 {[%clk 01:31:42]  [%emt
00:00:41]} 6... c6 {[%clk 01:32:31]  [%emt 00:00:10]} 7. Nc3 {[%clk 01:30:09] 
[%emt 00:02:03]} 7... h6 {[%clk 01:31:13]  [%emt 00:01:48]} 8. Re1 {[%clk
01:25:39]  [%emt 00:04:59]} 8... Ne4 {[%clk 01:07:55]  [%emt 00:23:48]} 9. Nxe4
{[%clk 01:16:57]  [%emt 00:09:13]} 9... Bxe4 {[%clk 01:06:57]  [%emt 00:01:27]}
10. Qb3 {[%clk 01:11:51]  [%emt 00:05:37]} 10... Qb6 {[%clk 01:02:04]  [%emt
00:05:23]} 11. Qxb6 {[%emt 00:03:04]} 11... axb6 {[%clk 01:01:14]  [%emt
00:01:18]} 12. cxd5 {[%clk 01:04:50]  [%emt 00:04:59]} 12... Bxd5 {[%clk
00:58:33]  [%emt 00:03:12]} 13. b3 {[%clk 01:02:45]  [%emt 00:02:34]} 13...
Bxb3 {[%clk 00:49:40]  [%emt 00:09:24]} 14. e3 {[%clk 00:56:21]  [%emt
00:06:51]} 14... Bc4 {[%clk 00:45:03]  [%emt 00:05:06]} 15. a3 {[%clk 00:52:25]
 [%emt 00:04:30]} 15... Bb4 {[%clk 00:43:50]  [%emt 00:01:42]} 16. Rd1 {[%clk
00:50:56]  [%emt 00:01:59]} 16... Be2 {[%clk 00:43:02]  [%emt 00:01:19]} 17.
axb4 {[%clk 00:49:43]  [%emt 00:01:43]} 17... Rxa1 {[%clk 00:43:15]  [%emt
00:00:16]} 18. Re1 {[%clk 00:48:26]  [%emt 00:01:44]} 18... Bb5 {[%clk
00:42:34]  [%emt 00:01:14]} 19. Ne5 {[%clk 00:41:18]  [%emt 00:07:39]} 19...
Na6 {[%clk 00:41:20]  [%emt 00:01:43]} 20. Bd2 {[%clk 00:37:31]  [%emt
00:04:16]} 20... Ra2 {[%clk 00:40:39]  [%emt 00:01:10]} 21. Bc3 {[%clk
00:36:32]  [%emt 00:01:30]} 21... Rc2 {[%clk 00:38:06]  [%emt 00:03:03]} 0-1

[Event "DEM U12w 2023"]
[Site "Willingen GER"]
[Date "2023.05.28"]
[Round "1"]
[White "Rössling, Laura Marie"]
[Black "Stiehler, Mara"]
[Result "0-1"]
[Termination "normal"]
[Board "4"]
[WhiteElo "1312"]
[BlackElo "1227"]
[WhiteClock "00:20:23"]
[BlackClock "00:08:04"]
[PlyCount "94"]
[WhiteFideId "16289471"]
[BlackFideId "34621199"]
[EventCountry "GER"]
[EventRounds "9"]
[EventType "swiss"]
[EventDate "2023.05.27"]

1. e4 {[%clk 01:30:57]  [%emt 00:00:02]} 1... e6 {[%clk 01:30:56]  [%emt
00:00:05]} 2. d4 {[%clk 01:30:50]  [%emt 00:00:36]} 2... d5 {[%clk 01:31:19] 
[%emt 00:00:06]} 3. Nd2 {[%clk 01:29:54]  [%emt 00:01:27]} 3... c5 {[%clk
01:31:29]  [%emt 00:00:20]} 4. c3 {[%clk 01:24:32]  [%emt 00:05:51]} 4... cxd4
{[%clk 01:29:48]  [%emt 00:02:12]} 5. cxd4 {[%clk 01:23:29]  [%emt 00:01:33]}
5... dxe4 {[%clk 01:28:39]  [%emt 00:01:39]} 6. Nxe4 {[%clk 01:18:58]  [%emt
00:05:01]} 6... Nf6 {[%clk 01:27:08]  [%emt 00:02:01]} 7. Bd3 {[%clk 01:11:49] 
[%emt 00:07:39]} 7... Nc6 {[%clk 01:23:27]  [%emt 00:04:10]} 8. Nxf6+ {[%clk
01:05:14]  [%emt 00:07:06]} 8... Qxf6 {[%clk 01:23:01]  [%emt 00:00:56]} 9. Nf3
{[%clk 00:58:28]  [%emt 00:07:17]} 9... Bb4+ {[%clk 01:21:52]  [%emt 00:01:38]}
10. Bd2 {[%clk 00:57:26]  [%emt 00:01:32]} 10... Bxd2+ {[%clk 01:19:41]  [%emt
00:02:41]} 11. Qxd2 {[%clk 00:56:49]  [%emt 00:01:06]} 11... O-O {[%clk
01:18:36]  [%emt 00:01:36]} 12. O-O {[%clk 00:56:20]  [%emt 00:00:59]} 12... b6
{[%clk 01:14:32]  [%emt 00:04:34]} 13. Be4 {[%clk 00:54:22]  [%emt 00:02:25]}
13... Ba6 {[%clk 00:54:51]  [%emt 00:20:14]} 14. Bxc6 {[%clk 00:51:29]  [%emt
00:03:22]} 14... Bxf1 {[%clk 00:54:17]  [%emt 00:01:04]} 15. Bxa8 {[%clk
00:51:11]  [%emt 00:00:50]} 15... Bxg2 {[%clk 00:54:13]  [%emt 00:00:33]} 16.
Kxg2 {[%clk 00:51:12]  [%emt 00:00:29]} 16... Rxa8 {[%clk 00:54:13]  [%emt
00:00:30]} 17. Rg1 {[%clk 00:50:38]  [%emt 00:01:03]} 17... Rd8 {[%clk
00:52:52]  [%emt 00:01:51]} 18. Qe3 {[%clk 00:48:49]  [%emt 00:02:19]} 18...
Rd5 {[%clk 00:49:01]  [%emt 00:04:20]} 19. Qe4 {[%clk 00:42:48]  [%emt
00:06:31]} 19... g6 {[%clk 00:47:19]  [%emt 00:02:13]} 20. Ne5 {[%clk 00:39:38]
 [%emt 00:03:41]} 20... Qd8 {[%clk 00:42:54]  [%emt 00:04:53]} 21. Qf4 {[%clk
00:38:30]  [%emt 00:01:38]} 21... f6 {[%clk 00:40:02]  [%emt 00:03:23]} 22. Nf3
{[%clk 00:37:06]  [%emt 00:01:53]} 22... Kg7 {[%clk 00:34:04]  [%emt 00:06:30]}
23. Qg4 {[%clk 00:35:43]  [%emt 00:01:52]} 23... Qa8 {[%clk 00:31:47]  [%emt
00:02:48]} 24. Qe4 {[%clk 00:35:07]  [%emt 00:01:05]} 24... Qc6 {[%clk
00:28:23]  [%emt 00:03:54]} 25. Re1 {[%clk 00:32:22]  [%emt 00:03:16]} 25... a5
{[%clk 00:25:29]  [%emt 00:03:24]} 26. Kh1 {[%clk 00:31:19]  [%emt 00:01:33]}
26... Kf7 {[%clk 00:24:29]  [%emt 00:01:30]} 27. Qh4 {[%clk 00:26:18]  [%emt
00:05:28]} 27... Rh5 {[%clk 00:21:16]  [%emt 00:03:46]} 28. Qe4 {[%clk
00:24:59]  [%emt 00:01:47]} 28... Rd5 {[%clk 00:19:52]  [%emt 00:01:55]} 29.
Nd2 {[%clk 00:23:36]  [%emt 00:01:54]} 29... f5 {[%clk 00:15:26]  [%emt
00:04:55]} 30. Qg2 {[%clk 00:23:12]  [%emt 00:00:51]} 30... Qc2 {[%clk
00:14:07]  [%emt 00:01:53]} 31. Qg5 {[%clk 00:21:43]  [%emt 00:01:55]} 31...
Rxd4 {[%clk 00:12:01]  [%emt 00:02:40]} 32. Nb3 {[%clk 00:20:46]  [%emt
00:01:26]} 32... Qxf2 {[%clk 00:10:16]  [%emt 00:02:16]} 33. Rg1 {[%clk
00:18:32]  [%emt 00:02:43]} 33... Rd7 {[%clk 00:06:50]  [%emt 00:03:58]} 34.
Qc1 {[%clk 00:17:57]  [%emt 00:01:00]} 34... Qf3+ {[%clk 00:06:58]  [%emt
00:00:27]} 35. Rg2 {[%clk 00:18:16]  [%emt 00:00:10]} 35... Rd1+ {[%clk
00:07:11]  [%emt 00:00:17]} 36. Qxd1 {[%clk 00:18:33]  [%emt 00:00:13]} 36...
Qxd1+ {[%clk 00:07:33]  [%emt 00:00:07]} 37. Rg1 {[%clk 00:18:54]  [%emt
00:00:09]} 37... Qf3+ {[%clk 00:07:50]  [%emt 00:00:13]} 38. Rg2 {[%clk
00:19:16]  [%emt 00:00:08]} 38... e5 {[%clk 00:08:03]  [%emt 00:00:18]} 39. Kg1
{[%clk 00:19:31]  [%emt 00:00:13]} 39... e4 {[%clk 00:08:06]  [%emt 00:00:29]}
40. Nd2 {[%clk 00:19:45]  [%emt 00:00:15]} 40... Qd1+ {[%clk 00:08:08]  [%emt
00:00:29]} 41. Nf1 {[%clk 00:19:55]  [%emt 00:00:20]} 41... e3 {[%clk 00:07:50]
 [%emt 00:00:47]} 42. Rg3 {[%clk 00:18:53]  [%emt 00:01:32]} 42... e2 {[%clk
00:07:50]  [%emt 00:00:30]} 43. Rf3 {[%clk 00:19:11]  [%emt 00:00:10]} 43...
e1=Q {[%clk 00:08:01]  [%emt 00:00:21]} 44. Rf2 {[%clk 00:19:29]  [%emt
00:00:11]} 44... Qg4+ {[%clk 00:08:06]  [%emt 00:00:26]} 45. Rg2 {[%clk
00:19:48]  [%emt 00:00:11]} 45... Qd4+ {[%clk 00:07:43]  [%emt 00:00:53]} 46.
Kh1 {[%clk 00:20:02]  [%emt 00:00:16]} 46... Qxf1+ {[%clk 00:08:04]  [%emt
00:00:10]} 47. Rg1 {[%clk 00:20:23]  [%emt 00:00:08]} 47... Qe4# {[%emt
00:00:07]} 0-1

[Event "DEM U12w 2023"]
[Site "Willingen GER"]
[Date "2023.05.28"]
[Round "1"]
[White "Leicher, Anna"]
[Black "Fruth, Julia"]
[Result "0-1"]
[Termination "normal"]
[Board "5"]
[WhiteElo "1306"]
[BlackElo "1187"]
[WhiteClock "00:08:05"]
[BlackClock "00:07:21"]
[PlyCount "104"]
[WhiteFideId "34614966"]
[BlackFideId "34603050"]
[EventCountry "GER"]
[EventRounds "9"]
[EventType "swiss"]
[EventDate "2023.05.27"]

1. e4 {[%clk 01:30:59]} 1... c5 {[%clk 01:30:58]  [%emt 00:00:03]} 2. Nc3
{[%clk 01:31:20]  [%emt 00:00:09]} 2... a6 {[%clk 01:30:24]  [%emt 00:01:04]}
3. f4 {[%clk 01:31:04]  [%emt 00:00:45]} 3... b5 {[%clk 01:29:56]  [%emt
00:00:58]} 4. Nf3 {[%clk 01:30:57]  [%emt 00:00:38]} 4... Bb7 {[%clk 01:29:30] 
[%emt 00:00:55]} 5. d3 {[%clk 01:19:20]  [%emt 00:12:07]} 5... d6 {[%clk
01:27:47]  [%emt 00:02:13]} 6. Be2 {[%clk 01:18:35]  [%emt 00:01:16]} 6... Nc6
{[%clk 01:26:42]  [%emt 00:01:33]} 7. O-O {[%clk 01:18:17]  [%emt 00:00:49]}
7... Nf6 {[%clk 01:25:34]  [%emt 00:01:37]} 8. Qe1 {[%clk 01:17:19]  [%emt
00:01:30]} 8... e6 {[%clk 01:25:32]  [%emt 00:00:30]} 9. Qh4 {[%clk 01:17:10] 
[%emt 00:00:37]} 9... Be7 {[%clk 01:25:05]  [%emt 00:01:00]} 10. Qh3 {[%clk
01:17:01]  [%emt 00:00:36]} 10... O-O {[%clk 01:23:58]  [%emt 00:01:40]} 11. b3
{[%clk 01:09:55]  [%emt 00:07:37]} 11... Qb6 {[%clk 01:20:43]  [%emt 00:03:43]}
12. Kh1 {[%clk 01:09:23]  [%emt 00:01:03]} 12... Nd7 {[%clk 01:12:30]  [%emt
00:08:42]} 13. Bb2 {[%clk 01:07:08]  [%emt 00:02:45]} 13... Rac8 {[%clk
01:10:15]  [%emt 00:02:45]} 14. Qg3 {[%clk 01:05:44]  [%emt 00:01:55]} 14...
Bf6 {[%clk 01:08:39]  [%emt 00:02:05]} 15. Ng5 {[%clk 00:59:57]  [%emt
00:06:06]} 15... Nd4 {[%clk 01:05:14]  [%emt 00:04:05]} 16. Rab1 {[%clk
00:57:22]  [%emt 00:03:06]} 16... b4 {[%clk 01:02:40]  [%emt 00:03:04]} 17. Na4
{[%clk 00:54:26]  [%emt 00:03:27]} 17... Qc7 {[%clk 00:57:44]  [%emt 00:05:23]}
18. Bxd4 {[%clk 00:52:44]  [%emt 00:02:15]} 18... Bxd4 {[%clk 00:57:01]  [%emt
00:01:12]} 19. Qh4 {[%clk 00:47:36]  [%emt 00:05:38]} 19... h6 {[%clk 00:55:44]
 [%emt 00:01:47]} 20. Rf3 {[%clk 00:37:11]  [%emt 00:10:56]} 20... d5 {[%clk
00:48:34]  [%emt 00:07:40]} 21. e5 {[%clk 00:35:08]  [%emt 00:02:32]} 21... c4
{[%clk 00:46:59]  [%emt 00:02:05]} 22. Rg3 {[%clk 00:32:22]  [%emt 00:03:13]}
22... cxb3 {[%clk 00:44:13]  [%emt 00:03:20]} 23. Nxe6 {[%clk 00:18:51]  [%emt
00:14:02]} 23... fxe6 {[%clk 00:41:12]  [%emt 00:03:28]} 24. Qxh6 {[%clk
00:16:33]  [%emt 00:02:50]} 24... Nxe5 {[%clk 00:35:53]  [%emt 00:05:48]} 25.
Qxe6+ {[%clk 00:15:04]  [%emt 00:02:00]} 25... Qf7 {[%clk 00:34:29]  [%emt
00:01:53]} 26. Qxf7+ {[%clk 00:13:56]  [%emt 00:01:38]} 26... Rxf7 {[%clk
00:32:55]  [%emt 00:02:04]} 27. cxb3 {[%clk 00:13:42]  [%emt 00:00:44]} 27...
Rxf4 {[%clk 00:32:14]  [%emt 00:01:11]} 28. h3 {[%clk 00:13:07]  [%emt
00:01:07]} 28... Rc2 {[%emt 00:02:35]} 29. Bh5 {[%clk 00:13:01]  [%emt
00:00:04]} 29... Rxa2 {[%clk 00:29:36]  [%emt 00:01:33]} 30. Kh2 {[%clk
00:12:47]  [%emt 00:00:44]} 30... Rff2 {[%clk 00:27:29]  [%emt 00:02:38]} 31.
Rc1 {[%clk 00:11:31]  [%emt 00:01:45]} 31... Rac2 {[%clk 00:25:35]  [%emt
00:02:24]} 32. Re1 {[%clk 00:10:57]  [%emt 00:01:00]} 32... Rfe2 {[%clk
00:21:15]  [%emt 00:04:54]} 33. Rf1 {[%clk 00:11:02]  [%emt 00:00:20]} 33...
Red2 {[%clk 00:20:25]  [%emt 00:01:23]} 34. Rf4 {[%clk 00:10:51]  [%emt
00:00:36]} 34... Bf2 {[%clk 00:18:07]  [%emt 00:02:54]} 35. Rg5 {[%clk
00:10:03]  [%emt 00:01:19]} 35... Be3 {[%clk 00:17:39]  [%emt 00:00:57]} 36.
Rff5 {[%clk 00:09:42]  [%emt 00:00:51]} 36... Bxg5 {[%clk 00:17:04]  [%emt
00:01:06]} 37. Rxg5 {[%clk 00:10:08]  [%emt 00:00:04]} 37... Nxd3 {[%clk
00:16:23]  [%emt 00:01:12]} 38. Bg6 {[%clk 00:10:20]  [%emt 00:00:17]} 38... d4
{[%clk 00:15:22]  [%emt 00:01:30]} 39. Kh1 {[%clk 00:07:11]  [%emt 00:03:41]}
39... Bf3 {[%clk 00:10:15]  [%emt 00:05:34]} 40. Bxd3 {[%emt 00:05:25]} 40...
Rxd3 {[%clk 00:09:13]} 41. Nc5 {[%clk 00:03:58]  [%emt 00:00:22]} 41... Rd1+
{[%clk 00:08:35]  [%emt 00:01:07]} 42. Kh2 {[%clk 00:04:22]  [%emt 00:00:08]}
42... Rdd2 {[%clk 00:08:04]  [%emt 00:01:00]} 43. Kh1 {[%clk 00:04:40]  [%emt
00:00:13]} 43... Rxg2 {[%clk 00:06:53]  [%emt 00:01:40]} 44. Rxg2 {[%clk
00:04:51]  [%emt 00:00:19]} 44... Bxg2+ {[%clk 00:06:57]  [%emt 00:00:27]} 45.
Kg1 {[%clk 00:05:17]  [%emt 00:00:05]} 45... Rxc5 {[%clk 00:06:55]  [%emt
00:00:31]} 46. Kxg2 {[%clk 00:05:45]} 46... Rc3 {[%clk 00:06:50]  [%emt
00:00:37]} 47. Kf2 {[%clk 00:05:53]  [%emt 00:00:22]} 47... Rxb3 {[%clk
00:06:50]  [%emt 00:00:29]} 48. Ke2 {[%clk 00:06:20]  [%emt 00:00:05]} 48...
Rc3 {[%clk 00:06:57]  [%emt 00:00:22]} 49. Kd2 {[%clk 00:06:48]  [%emt
00:00:03]} 49... b3 {[%clk 00:07:05]  [%emt 00:00:21]} 50. Kd1 {[%clk 00:07:15]
 [%emt 00:00:03]} 50... Rc2 {[%clk 00:06:52]  [%emt 00:00:42]} 51. Ke1 {[%clk
00:07:38]  [%emt 00:00:08]} 51... b2 {[%clk 00:07:11]  [%emt 00:00:11]} 52. h4
{[%clk 00:08:05]  [%emt 00:00:04]} 52... b1=Q# {[%clk 00:07:21]  [%emt
00:00:17]} 0-1

[Event "DEM U12w 2023"]
[Site "Willingen GER"]
[Date "2023.05.28"]
[Round "1"]
[White "Fettan, Nua"]
[Black "Rafikova, Ailin"]
[Result "1/2-1/2"]
[Termination "normal"]
[Board "6"]
[WhiteElo "1234"]
[BlackElo "1238"]
[WhiteClock "01:31:24"]
[BlackClock "01:30:52"]
[PlyCount "87"]
[WhiteFideId "34637362"]
[BlackFideId "34612173"]
[EventCountry "GER"]
[EventRounds "9"]
[EventType "swiss"]
[EventDate "2023.05.27"]

1. e4 {[%clk 01:30:58]  [%emt 00:00:02]} 1... c6 {[%emt 00:00:07]} 2. Nc3 d5 3.
d3 d4 4. Nce2 c5 5. c3 dxc3 6. Nxc3 Nc6 7. f4 e5 8. Nf3 Bg4 9. Be2 exf4 10.
Bxf4 Bd6 11. Be3 Nge7 12. O-O Ng6 13. h3 Bxf3 14. Bxf3 O-O 15. Rc1 Bf4 16. Qe1
Qxd3 17. Bxf4 Nxf4 18. e5 Qd4+ 19. Kh1 Nd3 20. Nb5 Qd8 21. Qc3 Nxc1 22. Qxc1
Qb6 23. Bxc6 Qxc6 24. Nd6 24... f6 {[%clk 01:30:52]} 25. Qc4+ {[%clk 01:31:24]}
25... Kh8 {[%clk 01:30:52]} 26. Nf7+ {[%clk 01:31:24]} 26... Rxf7 {[%clk
01:30:52]} 27. Qxf7 {[%clk 01:31:24]} 27... Qb5 {[%clk 01:30:52]} 28. Rf2
{[%clk 01:31:24]} 28... Qe8 {[%clk 01:30:52]} 29. Qxe8+ {[%clk 01:31:24]} 29...
Rxe8 {[%clk 01:30:52]} 30. exf6 {[%clk 01:31:24]} 30... gxf6 {[%clk 01:30:52]}
31. Kh2 {[%clk 01:31:24]} 31... Kg7 {[%clk 01:30:52]} 32. Rd2 {[%clk 01:31:24]}
32... Re7 {[%clk 01:30:52]} 33. Kg3 {[%clk 01:31:24]} 33... Kg6 {[%clk
01:30:52]} 34. Kf4 {[%clk 01:31:24]} 34... b6 {[%clk 01:30:52]} 35. g4 {[%clk
01:31:24]} 35... Rc7 {[%clk 01:30:52]} 36. h4 {[%clk 01:31:24]} 36... Re7
{[%clk 01:30:52]} 37. h5+ {[%clk 01:31:24]} 37... Kf7 {[%clk 01:30:52]} 38. b3
{[%clk 01:31:24]} 38... h6 {[%clk 01:30:52]} 39. Rd5 {[%clk 01:31:24]} 39...
Re6 {[%clk 01:30:52]} 40. Kf5 {[%clk 01:31:24]} 40... Re7 {[%clk 01:30:52]} 41.
Rd6 {[%clk 01:31:24]} 41... Re5+ {[%clk 01:30:52]} 42. Kf4 {[%clk 01:31:24]}
42... Re6 {[%clk 01:30:52]} 43. Rd7+ {[%clk 01:31:24]} 43... Re7 {[%clk
01:30:52]} 44. Rd6 {[%clk 01:31:24]} 1/2-1/2

[Event "DEM U12w 2023"]
[Site "Willingen GER"]
[Date "2023.05.28"]
[Round "1"]
[White "Mehner, Clara"]
[Black "Mader, Theresa"]
[Result "0-1"]
[Termination "normal"]
[Board "7"]
[WhiteElo "1250"]
[BlackElo "1229"]
[WhiteClock "00:02:53"]
[BlackClock "00:35:50"]
[PlyCount "78"]
[WhiteFideId "34612165"]
[BlackFideId "34605657"]
[EventCountry "GER"]
[EventRounds "9"]
[EventType "swiss"]
[EventDate "2023.05.27"]

1. e4 {[%clk 01:30:58]} 1... c6 {[%clk 01:30:50]  [%emt 00:00:11]} 2. Nf3
{[%clk 01:31:21]  [%emt 00:00:08]} 2... d5 {[%clk 01:31:11]  [%emt 00:00:08]}
3. Nc3 {[%clk 01:31:36]  [%emt 00:00:15]} 3... Nf6 {[%clk 01:31:26]  [%emt
00:00:15]} 4. exd5 {[%clk 01:28:58]  [%emt 00:03:09]} 4... cxd5 {[%clk
01:31:20]  [%emt 00:00:36]} 5. d4 {[%clk 01:28:18]  [%emt 00:01:09]} 5... Bf5
{[%clk 01:31:11]  [%emt 00:00:39]} 6. Bb5+ {[%clk 01:26:25]  [%emt 00:02:24]}
6... Nc6 {[%clk 01:30:38]  [%emt 00:01:02]} 7. Ne5 {[%clk 01:23:12]  [%emt
00:03:44]} 7... Rc8 {[%clk 01:29:46]  [%emt 00:01:21]} 8. O-O {[%clk 01:19:39] 
[%emt 00:04:04]} 8... e6 {[%clk 01:29:21]  [%emt 00:00:54]} 9. Bg5 {[%clk
01:17:50]  [%emt 00:02:19]} 9... Be7 {[%clk 01:27:37]  [%emt 00:02:14]} 10. Re1
{[%clk 01:15:35]  [%emt 00:02:44]} 10... O-O {[%clk 01:25:24]  [%emt 00:02:45]}
11. Bxc6 {[%clk 01:06:38]  [%emt 00:09:26]} 11... bxc6 {[%clk 01:24:27]  [%emt
00:01:27]} 12. h3 {[%clk 01:01:14]  [%emt 00:05:53]} 12... h6 {[%clk 01:19:34] 
[%emt 00:05:23]} 13. Bf4 {[%clk 00:58:31]  [%emt 00:03:13]} 13... c5 {[%clk
01:13:53]  [%emt 00:06:11]} 14. Re3 {[%clk 00:50:21]  [%emt 00:08:39]} 14...
cxd4 {[%clk 01:07:29]  [%emt 00:06:56]} 15. Qxd4 {[%clk 00:33:53]  [%emt
00:16:58]} 15... Bc5 {[%clk 01:03:38]  [%emt 00:04:20]} 16. Qd2 {[%clk
00:30:09]  [%emt 00:04:15]} 16... Bxe3 {[%clk 01:00:07]  [%emt 00:04:01]} 17.
Bxe3 {[%clk 00:27:28]  [%emt 00:03:11]} 17... Qc7 {[%clk 00:53:36]  [%emt
00:07:01]} 18. Nf3 {[%clk 00:22:34]  [%emt 00:05:22]} 18... Rfd8 {[%clk
00:48:02]  [%emt 00:06:06]} 19. Bd4 {[%clk 00:18:29]  [%emt 00:04:36]} 19...
Ne4 {[%clk 00:43:46]  [%emt 00:04:46]} 20. Qe2 {[%clk 00:17:20]  [%emt
00:01:39]} 20... Qb7 {[%clk 00:41:05]  [%emt 00:03:09]} 21. Rb1 {[%clk
00:11:05]  [%emt 00:06:47]} 21... Nxc3 {[%clk 00:40:35]  [%emt 00:00:59]} 22.
Bxc3 {[%clk 00:07:26]  [%emt 00:04:09]} 22... Rxc3 {[%clk 00:40:46]  [%emt
00:00:19]} 23. bxc3 {[%clk 00:07:46]  [%emt 00:00:10]} 23... Qxb1+ {[%clk
00:41:01]  [%emt 00:00:16]} 24. Kh2 {[%clk 00:08:04]  [%emt 00:00:11]} 24...
Qxc2 {[%clk 00:41:01]  [%emt 00:00:31]} 25. Qa6 {[%clk 00:07:45]  [%emt
00:00:48]} 25... Qxc3 {[%clk 00:40:30]  [%emt 00:01:01]} 26. Qxa7 {[%clk
00:07:34]  [%emt 00:00:41]} 26... Rc8 {[%clk 00:39:43]  [%emt 00:01:16]} 27.
Qa6 {[%clk 00:07:16]  [%emt 00:00:48]} 27... Be4 {[%clk 00:39:06]  [%emt
00:01:06]} 28. a4 {[%clk 00:07:16]  [%emt 00:00:32]} 28... Qc6 {[%clk 00:38:47]
 [%emt 00:00:47]} 29. Qe2 {[%clk 00:06:21]  [%emt 00:01:27]} 29... Qxa4 {[%clk
00:38:19]  [%emt 00:00:58]} 30. Ne5 {[%clk 00:05:44]  [%emt 00:01:07]} 30...
Qc2 {[%clk 00:37:48]  [%emt 00:00:59]} 31. Qe3 {[%clk 00:04:56]  [%emt
00:01:20]} 31... Ra8 {[%clk 00:36:57]  [%emt 00:01:21]} 32. Qf4 {[%clk
00:03:46]  [%emt 00:01:39]} 32... Qc7 {[%clk 00:36:18]  [%emt 00:01:09]} 33. f3
{[%clk 00:02:42]  [%emt 00:01:35]} 33... Bh7 {[%clk 00:36:10]  [%emt 00:00:38]}
34. Qd4 {[%clk 00:01:52]  [%emt 00:01:19]} 34... f6 {[%clk 00:35:33]  [%emt
00:01:08]} 35. f4 {[%clk 00:01:51]  [%emt 00:00:30]} 35... fxe5 {[%clk
00:35:40]  [%emt 00:00:23]} 36. fxe5 {[%clk 00:02:14]  [%emt 00:00:08]} 36...
Be4 {[%clk 00:35:07]  [%emt 00:01:02]} 37. Qb2 {[%clk 00:02:10]  [%emt
00:00:34]} 37... Qc2 {[%clk 00:35:16]  [%emt 00:00:22]} 38. Qxc2 {[%clk
00:02:30]  [%emt 00:00:11]} 38... Bxc2 {[%clk 00:35:38]  [%emt 00:00:07]} 39.
h4 {[%clk 00:02:53]  [%emt 00:00:06]} 39... d4 {[%clk 00:35:50]  [%emt
00:00:19]} 0-1

[Event "DEM U12w 2023"]
[Site "Willingen GER"]
[Date "2023.05.28"]
[Round "1"]
[White "Briese, Sophie"]
[Black "Xiao, Yiyi"]
[Result "0-1"]
[Termination "normal"]
[Board "8"]
[WhiteElo "1214"]
[BlackElo "1267"]
[WhiteClock "00:36:52"]
[BlackClock "01:06:10"]
[PlyCount "46"]
[WhiteFideId "34660305"]
[BlackFideId "34605665"]
[EventCountry "GER"]
[EventRounds "9"]
[EventType "swiss"]
[EventDate "2023.05.27"]

1. e4 {[%clk 01:30:58]} 1... e5 {[%clk 01:30:49]  [%emt 00:00:12]} 2. Nf3
{[%clk 01:31:21]  [%emt 00:00:07]} 2... Nc6 {[%clk 01:31:14]  [%emt 00:00:05]}
3. Bc4 {[%clk 01:31:46]  [%emt 00:00:06]} 3... Nf6 {[%clk 01:31:32]  [%emt
00:00:11]} 4. d3 {[%clk 01:31:02]  [%emt 00:01:14]} 4... Bc5 {[%clk 01:31:32] 
[%emt 00:00:30]} 5. c3 {[%clk 01:27:10]  [%emt 00:04:22]} 5... O-O {[%clk
01:31:44]  [%emt 00:00:19]} 6. d4 {[%clk 01:26:26]  [%emt 00:01:14]} 6... d5
{[%clk 01:24:27]  [%emt 00:07:46]} 7. exd5 {[%clk 01:23:21]  [%emt 00:03:35]}
7... Na5 {[%clk 01:22:55]  [%emt 00:02:02]} 8. Nxe5 {[%clk 01:16:42]  [%emt
00:07:09]} 8... Nxc4 {[%clk 01:20:04]  [%emt 00:03:21]} 9. Nxc4 {[%clk
01:16:24]  [%emt 00:00:49]} 9... Bb6 {[%clk 01:19:24]  [%emt 00:01:09]} 10. O-O
{[%clk 01:15:59]  [%emt 00:00:55]} 10... Qxd5 {[%clk 01:18:48]  [%emt
00:01:07]} 11. Ne5 {[%clk 01:12:00]  [%emt 00:04:28]} 11... Bf5 {[%clk
01:18:08]  [%emt 00:01:10]} 12. Qf3 {[%clk 01:07:28]  [%emt 00:05:02]} 12...
Be4 {[%clk 01:17:02]  [%emt 00:01:36]} 13. Qg3 {[%clk 01:05:25]  [%emt
00:02:31]} 13... Bxb1 {[%clk 01:11:21]  [%emt 00:06:13]} 14. Bh6 {[%clk
01:03:31]  [%emt 00:02:25]} 14... Bg6 {[%clk 01:10:12]  [%emt 00:01:39]} 15.
Nxg6 {[%clk 00:57:36]  [%emt 00:06:24]} 15... fxg6 {[%clk 01:10:11]  [%emt
00:00:31]} 16. Bc1 {[%clk 00:55:14]  [%emt 00:02:53]} 16... Ne4 {[%clk
01:08:42]  [%emt 00:01:58]} 17. Qg4 {[%clk 00:54:39]  [%emt 00:01:06]} 17...
Rae8 {[%clk 01:08:20]  [%emt 00:00:52]} 18. h4 {[%clk 00:50:47]  [%emt
00:04:21]} 18... Nxf2 {[%clk 01:08:20]  [%emt 00:00:29]} 19. Qg3 {[%clk
00:44:57]  [%emt 00:06:20]} 19... Bxd4 {[%clk 01:05:37]  [%emt 00:03:14]} 20.
cxd4 {[%clk 00:38:50]  [%emt 00:06:38]} 20... Qxd4 {[%clk 01:05:31]  [%emt
00:00:35]} 21. Rxf2 {[%clk 00:37:23]  [%emt 00:01:57]} 21... Rxf2 {[%clk
01:05:27]  [%emt 00:00:34]} 22. Qxf2 {[%clk 00:36:56]  [%emt 00:00:57]} 22...
Re1+ {[%clk 01:05:48]  [%emt 00:00:10]} 23. Kh2 {[%clk 00:36:52]  [%emt
00:00:33]} 23... Qxf2 {[%clk 01:06:10]  [%emt 00:00:08]} 0-1